Sports Quiz

Random Sports or NBA Quiz

NBA Finals: Rematches Quiz Stats

 Plays Quiz Updated Jun 8, 2018

Also try: NBA Finals MVPs
Challenge
Share
Tweet
Embed
Score 0/14 Timer 05:00
7 Plays Today
Years Matchup % Correct
2015, 2016, 2017, 2018Cleveland Cavaliers-Golden State Warriors
99.3%
2013, 2014Miami Heat-San Antonio Spurs
93.7%
1984, 1985Boston Celtics-Los Angeles Lakers
93.3%
1968, 1969Boston Celtics-Los Angeles Lakers
93.3%
1965, 1966Boston Celtics-Los Angeles Lakers
93.3%
1962, 1963Boston Celtics-Los Angeles Lakers
93.3%
1997, 1998Chicago Bulls-Utah Jazz
78.8%
Years Matchup % Correct
1988, 1989Detroit Pistons-Los Angeles Lakers
68.7%
1982, 1983Philadelphia 76ers-Los Angeles Lakers
54%
1972, 1973New York Knicks-Los Angeles Lakers
38.2%
1952, 1953New York Knicks-Minneapolis Lakers
38%
1960, 1961Boston Celtics-St. Louis Hawks
24.5%
1957, 1958Boston Celtics-St. Louis Hawks
24.5%
1978, 1979Washington Bullets-Seattle SuperSonics
23.4%

You're not logged in!

Compare scores with friends on all Sporcle quizzes.
OR
Log In

You Might Also Like...

Show Comments

Extras

Top Quizzes Today


Score Distribution

Your Account Isn't Verified!

In order to create a playlist on Sporcle, you need to verify the email address you used during registration. Go to your Sporcle Settings to finish the process.

Report this User

Report this user for behavior that violates our Community Guidelines.

Details: